| 000 | 01096nam a2200277 a 4500 | ||
|---|---|---|---|
| 001 | 000014982 | ||
| 005 | 20240305120454.0 | ||
| 008 | 100128s2007 dr ac 000 0 spa d | ||
| 020 | _a9789993462705 | ||
| 040 |
_aDO-SdBNP _bspa _cBNPHU |
||
| 082 |
_a759.7293 _bD249m |
||
| 100 | 1 |
_aLeón David _d1945- _984930 |
|
| 245 | 1 | 0 |
_aMaría Aybar o la magia del color y luz / _cLeón David ; presentación Danilo de los Santos. |
| 260 |
_aSanto Domingo : _bUniversitaria- UASD, _c2007. |
||
| 300 |
_a150 p. : _bil., retrs. ; _c30 cm. |
||
| 490 | 1 |
_aPublicaciones de la Universidad Autónoma de Santo Domingo _vv. 1321 |
|
| 490 | 1 |
_aArte y Sociedad _vv. 41 |
|
| 500 | _aIncluye datos biográficos del autor en la solapa de la contracubierta | ||
| 600 | 1 | 4 |
_aAYBAR, MARÍA, _dCRÍTICA E INTERPRETACIÓN _933918 |
| 650 | 4 |
_aPintura dominicana _91858 |
|
| 650 | 4 |
_aPintores dominicanos _911660 |
|
| 700 | 1 |
_aSantos, Danilo de los, _d1943-2018 _910278 |
|
| 830 | 0 |
_aPublicaciones de la Universidad Autónoma de Santo Domingo _nno. 1321 _933919 |
|
| 830 | 0 |
_aArte y Sociedad _nno. 41 _933920 |
|
| 049 | _aBNPD | ||
| 999 |
_c14555 _d14555 |
||